000 00428nam a2200181Ia 4500
003 LK-CoDNM
008 010623t1962 xxu||||| |||| 00| 1 sin d
040 _aLK-CoDNM
_dLK-CoDNM
_eLK-CoDNM
041 _asin
080 _ax 82-2 SAR
100 _aSarachchandra, Ediriweera
245 _aසිංහබාහු
246 _aSinhabahu
260 _bAuthor
_c1962
300 _b50, 25 cm
650 _aDrama
942 _cBK
999 _c106156
_d106156